00351nam a2200169Ia 4500008004100000041000800041100001300049245002200062250000900084260001900093300000800112365001200120500000900132520001200141650000900153999001900162230605s9999 xx 000 0 und d aeng aZeithaml aservice marketing a6 ed bMc. Graw Hell  a711 b626h10 a2156 aGeneral aM.M. c419299d419299